000 00250nam a2200097Ia 4500
008 230915s9999 xx 000 0 und d
050 _aQD75.22.S685.C.1
100 _aA.K.SRIVASTAVA
245 0 _aINSTRUMENTAL APPROACH TO CHEMICAL ANALYSIS
942 _cBK
999 _c62856
_d62856